000 00763cam a2200193 4500
001 WB3715-36
008 000000n2001 000 0 eng u
035 _a(Sirsi) u112078
245 _aAuction houses announce tie-up
260 _c2001
490 _aScotsman
_v 19 April 2001, 4(1)
520 _aThe FMD crisis will have a major effect on the livestock industry once it is all over. One example of this is the alliance to be formed between two of the largest auction houses in the UK, the UA group and Harrison and Hetherington, intended to help farmers restock when circumstances permit.
590 _aWB
650 _aFOOT-AND-MOUTH DISEASE
650 _aLIVESTOCK AUCTIONEERS
650 _aLIVESTOCK INDUSTRY
690 _aRural
_96268
942 _n0
999 _c66747
_d66747